Commentarius litteralis et moralis in omnes epistolas sancti Pauli apostoli, et in septem epistolas catholicas

Detalles Bibliográficos
Autor principal: NATAL, Alejandro (Fray)
Formato: Libro
Publicado: Venecia 1788
Materias:
Colección:Banco de datos
Acervo:Biblioteca Nacional de Antropología e Historia. Fondo Conventual
Descripción Física:t. I
Tema general:Biblia
Notas:Buena. XIV, 9, 23.
LEADER 00717nam a22002050004500
035 |a 6752 
036 |a 1357 
100 1 |a NATAL, Alejandro (Fray) 
245 1 0 |a Commentarius litteralis et moralis in omnes epistolas sancti Pauli apostoli, et in septem epistolas catholicas 
260 |a Venecia  |b Tomás Bettinelli  |c 1788 
300 |a t. I 
500 |a Buena. XIV, 9, 23. 
650 1 0 |a Biblia 
949 |a B.N.A.H. 
959 |a Biblioteca Nacional de Antropología e Historia. Ciudad de México  |b CCC1 
960 |a Seminario de Morelia  |b DD56 
961 |a Casa de formación del Clero Secular  |b CS 
942 |c B.N.A.H. 
943 |g Biblioteca Nacional de Antropología e Historia. Fondo Conventual 
999 |c 1031284  |d 1031284